Países cerca de Canadá - Estadísticas

Estadísticas generales
  • Esta prueba ha sido intentada 4.204 veces
  • La puntuación promedio es 15 de 20
Estadísticas de respuestas
km Country millas % Correcto
0 Estados Unidos 0
100%
1809 México 1124
99%
1238 Rusia 769
92%
26 Groenlandia (Dinamarca) 16
91%
2065 Cuba 1283
89%
2733 Guatemala 1698
82%
1657 Bahamas 1030
80%
1232 Bermuda (Reino Unido) 765
80%
1638 Islandia 1018
80%
2582 Haití 1604
79%
2644 República Dominicana 1643
78%
2642 Belice 1642
77%
2625 Jamaica 1631
75%
8 San Pedro y Miquelón (Francia) 5
72%
2823 Honduras 1754
71%
2200 Noruega 1367
61%
2352 Suecia 1461
58%
2342 Finlandia 1455
55%
1928 Azores (Portugal) 1198
49%
2832 Sint Maarten (Países Bajos) 1760
46%
No se encontraron pruebas coincidentes
Distribución de puntuación
Porcentaje de gente con cada puntuación
Porcentaje por número respondido
Historial de tus puntuaciones
No has intentado esta prueba.